01068nam a22001937a 4500003000900000008004100009020001800050040007100068082001800139100003000157245003800187260004100225300003100266505045900297650004100756650003400797650001900831650002400850AR-CdUCM190325b ||||| |||| 00| 0 spa d a9788491264583 aMUNICIPALIDAD PROVINCIAL DEL CUSCOcBIBLIOTECA MUNICIPAL DEL CUSCO a868.7 /bG22D aGarcía Martínez, Luis aDías azules para Ibiza y Leo /  aEspaña : bCírculo Rojo, c2016. a193 páginas ; c19.5 cm. aResumen: Días azules para Ibiza y Leo es un dibujo del humano imperfecto. La crisis del individuo en una sociedad en crisis. La felicidad, la infidelidad, lo que somos, lo que sentimos, lo que escondemos… Lo que soñamos y/o vivimos. Son retales de la vida cotidiana, con todas sus angustias, sus miedos, sus anhelos… Días azules para Ibiza y Leo es un paseo por el mundo, son almas heridas, atardeceres, lagrimas, certezas, alcohol, sonrisas… aNarrativa española contemporánea aNovela - España - Siglo XXI aNovela juvenil aAutores españoles